| 000 | 00691nam a22001937a 4500 | ||
|---|---|---|---|
| 999 |
_c19516 _d19516 |
||
| 003 | AR-CdUCM | ||
| 008 | 190517b ||||| |||| 00| 0 sp d | ||
| 040 |
_aMUNICIPALIDAD PROVINCIAL DEL CUSCO _cBIBLIOTECA MUNICIPAL DEL CUSCO |
||
| 082 |
_a901 / _bK21 |
||
| 100 |
_aKant, Immanuel _940893 |
||
| 245 | _aFilosofía de la historia / | ||
| 260 |
_aBuenso Aires : _bNova, _c1964. |
||
| 300 |
_a210 páginas ; _c20 cm. |
||
| 505 | _aLa filosofia kantiana de la historia -- Que es la ilustración -- Definición de la raza humana -- Apuntes para una filosofia de la historia de la humanidad... | ||
| 650 |
_aKant. _917187 |
||
| 650 |
_aFilosofía. _9395 |
||
| 942 |
_2ddc _cLIBROS |
||
| 945 | _awfj | ||